000 00835nam a2200253Ia 4500
003 OSt
005 20220923215117.0
006 a|||||r|||| 00| 0
007 ta
008 220922b |||||||| |||| 00| 0 hin d
024 _a175,674
037 _cTextual
040 _aARTS
_cARTS
_bhin
041 _2hin
_ahin
082 _aO152,1xN, N0
100 _aबाली; सुखबीर सिंह, तारकनाथ
_9163622
245 0 _aपुनर्सभवा
246 _aPunarsabhavā
260 _aदिल्ली
_b पराग प्रकाशन
_c1990
300 _a111 पृ.
_ccm.
650 _aहिन्दी साहित्य
_9156264
942 _hO152,1xN, N0
_cTEXL
_2CC
999 _c329377
_d329377